[Event "GER-ch Net Amateur Gr-B Vor3"]
[Site "Playchess.com INT"]
[Date "2020.04.16"]
[Round "4"]
[White "Banzhaf, Steffen"]
[Black "Bohner, Joerg"]
[Result "0-1"]
[WhiteElo "1470"]
[BlackElo "1578"]
[PlyCount "32"]
[EventDate "2020.04.16"]
[EventType "swiss (blitz)"]
[EventRounds "9"]
[EventCountry "GER"]
[SourceTitle "CBM 195 Extra"]
[Source "ChessBase"]
[SourceDate "2020.05.31"]
[SourceVersion "1"]
[SourceVersionDate "2020.05.31"]
[SourceQuality "1"]

1. e4 e5 2. Nf3 Nc6 3. Bb5 a6 4. Ba4 Nf6 5. d3 b5 6. Bb3 Bc5 7. 0-0 d6 8. Nc3 Bg4 9. h3 h5 10. Nd5 Nd4 11. hxg4 hxg4 12. Ng5 Nxb3 13. axb3 g3 14. Nxf6+ Qxf6 15. Qg4 gxf2+ 16. Rxf2 Qxf2# 0-1

[Event "GER-ch Net Amateur Gr-B Vor3"]
[Site "Playchess.com INT"]
[Date "2020.04.16"]
[Round "3"]
[White "Bohner, Joerg"]
[Black "Iosif, Daniela"]
[Result "0-1"]
[WhiteElo "1587"]
[BlackElo "1766"]
[PlyCount "58"]
[EventDate "2020.04.16"]
[EventType "swiss (blitz)"]
[EventRounds "9"]
[EventCountry "GER"]
[SourceTitle "CBM 195 Extra"]
[Source "ChessBase"]
[SourceDate "2020.05.31"]
[SourceVersion "1"]
[SourceVersionDate "2020.05.31"]
[SourceQuality "1"]

1. d4 e6 2. e4 d5 3. Nc3 dxe4 4. f3 exf3 5. Nxf3 Nf6 6. Bg5 Be7 7. Bd3 b6 8. 0-0 Bb7 9. Qe2 Nbd7 10. Qf2 h6 11. Be3 0-0 12. h3 c5 13. Qg3 Nh5 14. Qf2 Nhf6 15. Ne2 Rc8 16. c3 cxd4 17. Bxd4 Bc5 18. Rad1 Bxd4 19. Nexd4 e5 20. Nf5 e4 21. Qg3 Nh5 22. Qg4 Ndf6 23. Nxh6+ Kh8 24. Nxf7+ Rxf7 25. Qh4 exd3 26. Ne5 Rfc7 27. g4 Qd5 28. Ng6+ Kh7 29. Rf2 Qh1# 0-1

[Event "GER-ch Net Amateur Gr-B Vor3"]
[Site "Playchess.com INT"]
[Date "2020.04.16"]
[Round "8"]
[White "Friemel, Reinhard"]
[Black "Bohner, Joerg"]
[Result "1-0"]
[WhiteElo "1685"]
[BlackElo "1636"]
[PlyCount "83"]
[EventDate "2020.04.16"]
[EventType "swiss (blitz)"]
[EventRounds "9"]
[EventCountry "GER"]
[SourceTitle "CBM 195 Extra"]
[Source "ChessBase"]
[SourceDate "2020.05.31"]
[SourceVersion "1"]
[SourceVersionDate "2020.05.31"]
[SourceQuality "1"]

1. e4 e5 2. Nf3 Nc6 3. Bc4 Bc5 4. c3 Nf6 5. d3 d6 6. h3 a6 7. b4 Ba7 8. Bg5 h6 9. Be3 0-0 10. Bxa7 Nxa7 11. 0-0 Nc6 12. a4 Be6 13. Nbd2 Qd7 14. Kh2 Ne7 15. Bxe6 fxe6 16. Qb3 Kh8 17. d4 exd4 18. cxd4 Ng6 19. g3 d5 20. e5 Ne4 21. Qe3 Nxd2 22. Nxd2 Qf7 23. f4 Qf5 24. Nf3 b5 25. Nd2 bxa4 26. Rxa4 Rfb8 27. Nb3 Rb5 28. Rf2 Ne7 29. Nc5 a5 30. g4 Qb1 31. bxa5 Rbxa5 32. Rxa5 Rxa5 33. Nxe6 Qb6 34. f5 Ra1 35. Nf4 Qb1 36. Kg3 Qg1+ 37. Kh4 g5+ 38. fxg6 Kg7 39. Nh5+ Kxg6 40. Rf6+ Kh7 41. Qxh6+ Kg8 42. Qg7# 1-0

[Event "GER-ch Net Amateur Gr-B Vor2"]
[Site "Playchess.com INT"]
[Date "2020.04.15"]
[Round "8"]
[White "Braeutigam, Alexander"]
[Black "Bohner, Joerg"]
[Result "1-0"]
[WhiteElo "1593"]
[BlackElo "1601"]
[PlyCount "63"]
[EventDate "2020.04.15"]
[EventType "swiss (blitz)"]
[EventRounds "9"]
[EventCountry "GER"]
[SourceTitle "CBM 196 Extra"]
[Source "ChessBase"]
[SourceDate "2020.07.31"]
[SourceVersion "1"]
[SourceVersionDate "2020.07.31"]
[SourceQuality "1"]

1. d4 Nf6 2. c4 g6 3. Nc3 Bg7 4. Bf4 d6 5. e3 Nh5 6. Bg3 a6 7. Nf3 c5 8. Be2 b5 9. cxb5 axb5 10. Bxb5+ Bd7 11. Bxd7+ Nxd7 12. dxc5 Nxc5 13. 0-0 0-0 14. a3 Nxg3 15. hxg3 Qb6 16. b4 Ne6 17. Nd5 Qb7 18. Ra2 Rfc8 19. a4 Nc7 20. Nxe7+ Kh8 21. Nxc8 Qxc8 22. Qxd6 Bf8 23. Qc6 Bxb4 24. Rc2 Ba5 25. Rd1 Qg8 26. Ne5 Ne6 27. Rdd2 Bxd2 28. Rxd2 Rc8 29. Qd7 Rc1+ 30. Kh2 Ng5 31. f4 Ne4 32. Nxf7+ 1-0

[Event "GER-ch Net Amateur Gr-B Vor2"]
[Site "Playchess.com INT"]
[Date "2020.04.15"]
[Round "3"]
[White "Braeutigam, Katerina"]
[Black "Bohner, Joerg"]
[Result "0-1"]
[WhiteElo "1446"]
[BlackElo "1601"]
[PlyCount "46"]
[EventDate "2020.04.15"]
[EventType "swiss (blitz)"]
[EventRounds "9"]
[EventCountry "GER"]
[SourceTitle "CBM 196 Extra"]
[Source "ChessBase"]
[SourceDate "2020.07.31"]
[SourceVersion "1"]
[SourceVersionDate "2020.07.31"]
[SourceQuality "1"]

1. e4 e5 2. Nf3 Nc6 3. Bb5 a6 4. Ba4 Nf6 5. 0-0 Be7 6. Re1 b5 7. Bb3 0-0 8. c3 d5 9. exd5 Nxd5 10. Nxe5 Nxe5 11. Rxe5 c6 12. d4 Bd6 13. Re4 Bf5 14. Bxd5 cxd5 15. Re1 Qh4 16. f4 Rae8 17. Rf1 Bd3 18. Rf2 Re7 19. Bd2 Rfe8 20. Na3 Re2 21. Rxe2 Rxe2 22. Be1 Qg4 23. Bg3 Be4 0-1

[Event "GER-ch Net Amateur Gr-B Vor2"]
[Site "Playchess.com INT"]
[Date "2020.04.15"]
[Round "5"]
[White "Elpelt, Frank"]
[Black "Bohner, Joerg"]
[Result "1/2-1/2"]
[WhiteElo "1455"]
[BlackElo "1601"]
[PlyCount "47"]
[EventDate "2020.04.15"]
[EventType "swiss (blitz)"]
[EventRounds "9"]
[EventCountry "GER"]
[SourceTitle "CBM 196 Extra"]
[Source "ChessBase"]
[SourceDate "2020.07.31"]
[SourceVersion "1"]
[SourceVersionDate "2020.07.31"]
[SourceQuality "1"]

1. c4 Nf6 2. Nc3 g6 3. e4 d6 4. d4 Bg7 5. Nf3 0-0 6. Be2 e5 7. dxe5 dxe5 8. 0-0 c6 9. Qc2 Nbd7 10. Rd1 Qc7 11. Bg5 h6 12. Be3 Ng4 13. Qd2 Nxe3 14. Qxe3 Nf6 15. Rd2 Be6 16. b3 Qe7 17. Nxe5 Nxe4 18. Qxe4 Bxc4 19. Bxc4 Qxe5 20. Qxe5 Bxe5 21. Rc1 Bf4 22. Rcd1 Bxd2 23. Rxd2 Rad8 24. Ne4 1/2-1/2

[Event "GER-ch Net Amateur Gr-B Vor1"]
[Site "Playchess.com INT"]
[Date "2020.04.14"]
[Round "7"]
[White "Bohner, Joerg"]
[Black "Viol, Julius"]
[Result "1-0"]
[WhiteElo "1588"]
[BlackElo "1664"]
[PlyCount "105"]
[EventDate "2020.04.14"]
[EventType "swiss (blitz)"]
[EventRounds "9"]
[EventCountry "GER"]
[SourceTitle "EXT 2021"]
[Source "ChessBase"]
[SourceDate "2020.10.23"]
[SourceVersion "1"]
[SourceVersionDate "2020.10.23"]
[SourceQuality "1"]

1. d4 Nf6 2. Nc3 c5 3. d5 g6 4. e4 Bg7 5. Be3 d6 6. Be2 0-0 7. g4 e5 8. g5 Ne8 9. h4 a6 10. h5 b5 11. hxg6 hxg6 12. Bg4 f6 13. gxf6 Nxf6 14. Be6+ Bxe6 15. dxe6 Qe7 16. Nd5 Nxd5 17. exd5 e4 18. Qg4 Bxb2 19. Qxg6+ Qg7 20. Qxg7+ Bxg7 21. 0-0-0 Rf5 22. Ne2 a5 23. Ng3 Rf3 24. Nxe4 Na6 25. Rdg1 Nb4 26. Bh6 Nxa2+ 27. Kb1 Nc3+ 28. Nxc3 Ra7 29. Nxb5 Rb7 30. c4 Rxf2 31. Bxg7 Rxg7 32. Rxg7+ Kxg7 33. Nxd6 a4 34. Rh3 Kf8 35. Ne4 Rf1+ 36. Ka2 Re1 37. Nxc5 Ke7 38. Ka3 Ra1+ 39. Kb2 Rg1 40. Ra3 Rg2+ 41. Kc1 Rg1+ 42. Kd2 Rg2+ 43. Ke1 Kd6 44. Ne4+ Ke7 45. Rxa4 Rg4 46. Ra7+ Ke8 47. Nf6+ Kd8 48. Nxg4 Ke8 49. c5 Kd8 50. c6 Kc8 51. e7 Kb8 52. Rd7 Ka8 53. e8R# 1-0

[Event "GER-ch Net Amateur Gr-B Vor1"]
[Site "Playchess.com INT"]
[Date "2020.04.14"]
[Round "6"]
[White "Weidenhoefer, Max"]
[Black "Bohner, Joerg"]
[Result "0-1"]
[WhiteElo "1690"]
[BlackElo "1565"]
[PlyCount "61"]
[EventDate "2020.04.14"]
[EventType "swiss (blitz)"]
[EventRounds "9"]
[EventCountry "GER"]
[SourceTitle "EXT 2021"]
[Source "ChessBase"]
[SourceDate "2020.10.23"]
[SourceVersion "1"]
[SourceVersionDate "2020.10.23"]
[SourceQuality "1"]

1. e4 e5 2. Nf3 Nc6 3. Bc4 Bc5 4. c3 Nf6 5. d4 exd4 6. cxd4 Bb4+ 7. Nc3 0-0 8. Bg5 h6 9. Bh4 g5 10. Bg3 Nxe4 11. Qc2 d5 12. Bb3 Bf5 13. Qc1 Nxc3 14. bxc3 Re8+ 15. Be5 Nxe5 16. dxe5 Bd6 17. 0-0 Bxe5 18. Nxe5 Rxe5 19. f4 Re2 20. fxg5 Be4 21. Rf2 Rxf2 22. Kxf2 Qxg5 23. Qxg5+ hxg5 24. Rd1 c6 25. c4 Rd8 26. Ke3 Bxg2 27. cxd5 Bxd5 28. Rg1 f6 29. h4 Re8+ 30. Kd4 Re4+ 31. Kd3 0-1

[Event "GER-ch Net blitz qual2"]
[Site "Playchess.com INT"]
[Date "2020.03.16"]
[Round "3"]
[White "Bohner, Joerg"]
[Black "Willim, Michael"]
[Result "0-1"]
[WhiteElo "1845"]
[BlackElo "2048"]
[PlyCount "112"]
[EventDate "2020.03.16"]
[EventType "swiss (blitz)"]
[EventRounds "9"]
[EventCountry "GER"]
[SourceTitle "CBM 195 Extra"]
[Source "ChessBase"]
[SourceDate "2020.05.31"]
[SourceVersion "1"]
[SourceVersionDate "2020.05.31"]
[SourceQuality "1"]

1. d4 Nf6 2. Nc3 d5 3. e4 e6 4. Bg5 dxe4 5. Nxe4 Be7 6. Nxf6+ Bxf6 7. Bxf6 Qxf6 8. Nf3 Nc6 9. Bd3 e5 10. Qe2 Bg4 11. Be4 0-0 12. dxe5 Nxe5 13. 0-0-0 Rfe8 14. Qb5 Qf4+ 15. Kb1 Qxe4 16. Rhe1 Qc6 17. Rxe5 Bxf3 18. gxf3 Rxe5 19. Qxe5 Re8 20. Rd8 Kf8 21. Rxe8+ Qxe8 22. Qxe8+ Kxe8 23. Kc1 Ke7 24. Kd2 Kf6 25. Ke3 Ke5 26. c4 c5 27. f4+ Kf5 28. Kf3 f6 29. h3 h6 30. a3 a5 31. Ke3 a4 32. Kf3 g6 33. Ke3 g5 34. fxg5 Kxg5 35. Ke4 Kh4 36. Kd5 Kxh3 37. Kxc5 Kg2 38. Kb6 h5 39. Kxb7 h4 40. c5 h3 41. c6 h2 42. c7 h1Q 43. c8Q Kxf2+ 44. Kb6 Qe4 45. Qc5+ Qe3 46. Qxe3+ Kxe3 47. Kb5 f5 48. Kxa4 f4 49. b4 f3 50. b5 f2 51. b6 f1Q 52. b7 Qa6+ 53. Kb4 Qxb7+ 54. Ka4 Kd4 55. Ka5 Kc5 56. a4 Qb6# 0-1

[Event "Schleswig Holstein-ch Kandidatenklasse"]
[Site "Ratzeburg"]
[Date "2017.04.13"]
[Round "6.7"]
[White "Bohner, Joerg"]
[Black "Hencke, Heiko"]
[Result "0-1"]
[WhiteElo "1802"]
[BlackElo "1722"]
[PlyCount "84"]
[EventDate "2017.04.13"]
[EventType "swiss"]
[EventRounds "9"]
[EventCountry "GER"]
[SourceTitle "EXT 2022"]
[Source "ChessBase"]
[SourceDate "2021.10.06"]
[SourceVersion "1"]
[SourceVersionDate "2021.10.06"]
[SourceQuality "1"]

1. d4 d5 2. e4 dxe4 3. Nc3 Nf6 4. f3 exf3 5. Nxf3 Bg4 6. h3 Bh5 7. g4 Bg6 8. Ne5 Nbd7 9. Qf3 c6 10. Bc4 e6 11. Bg5 Be7 12. Nxg6 hxg6 13. 0-0-0 Nd5 14. Bxe7 Qxe7 15. Bxd5 Qg5+ 16. Kb1 cxd5 17. Nb5 0-0 18. h4 Qf6 19. Qe3 a6 20. Rdf1 Qd8 21. Nc3 Nf6 22. Rfg1 Qc7 23. h5 gxh5 24. g5 Ng4 25. Qh3 f5 26. Qxh5 Rfe8 27. g6 Nh6 28. Re1 Rac8 29. Re5 b5 30. Qh2 Qb6 31. Ne2 b4 32. b3 a5 33. Re3 Qc7 34. Nf4 Qc6 35. Re5 a4 36. c4 bxc3 37. Kc2 axb3+ 38. axb3 Ra8 39. Kd3 Qa6+ 40. Kc2 Qa2+ 41. Kd1 Qxb3+ 42. Ke1 Ra1+ 0-1

[Event "Schleswig Holstein-ch Kandidatenklasse"]
[Site "Ratzeburg"]
[Date "2017.04.13"]
[Round "8.8"]
[White "Schaefer, Ruediger"]
[Black "Bohner, Joerg"]
[Result "1/2-1/2"]
[WhiteElo "1816"]
[BlackElo "1802"]
[PlyCount "27"]
[EventDate "2017.04.13"]
[EventType "swiss"]
[EventRounds "9"]
[EventCountry "GER"]
[SourceTitle "EXT 2022"]
[Source "ChessBase"]
[SourceDate "2021.10.06"]
[SourceVersion "1"]
[SourceVersionDate "2021.10.06"]
[SourceQuality "1"]

1. e4 e5 2. Nf3 Nc6 3. Bb5 a6 4. Bxc6 dxc6 5. 0-0 Qf6 6. d3 Bg4 7. Nbd2 Be7 8. Nc4 Bxf3 9. Qxf3 Qxf3 10. gxf3 f6 11. f4 b5 12. Na5 Kd7 13. Be3 Nh6 14. fxe5 1/2-1/2

[Event "Schleswig Holstein-ch Seniors"]
[Site "Hanerau"]
[Date "2015.04.02"]
[Round "8"]
[White "Jeschke, Holger"]
[Black "Bohner, Joerg"]
[Result "1-0"]
[WhiteElo "1820"]
[BlackElo "1783"]
[PlyCount "71"]
[EventDate "2015.03.28"]
[EventType "swiss"]
[EventRounds "9"]
[EventCountry "GER"]
[SourceTitle "EXT 2018"]
[Source "ChessBase"]
[SourceDate "2017.10.13"]
[SourceVersion "1"]
[SourceVersionDate "2017.10.13"]
[SourceQuality "1"]

1. b4 Nf6 2. Bb2 d5 3. e3 Bf5 4. Nf3 e6 5. a3 Bd6 6. Be2 Nbd7 7. c4 c6 8. d4 0-0 9. Nbd2 Ne4 10. Qb3 Ndf6 11. Nxe4 Nxe4 12. Bd3 Rc8 13. c5 Bb8 14. Qc2 Qf6 15. 0-0-0 h6 16. Rdf1 Bh7 17. Ne5 Qd8 18. f3 Nf6 19. g4 Bxd3 20. Qxd3 Bxe5 21. dxe5 Nd7 22. h4 g6 23. h5 g5 24. f4 Kh8 25. f5 Qe7 26. Rh2 Rce8 27. Rhf2 f6 28. exf6 Qf7 29. fxe6 Rxe6 30. Qg6 Qxg6 31. hxg6 Ne5 32. g7+ Kg8 33. gxf8Q+ Kxf8 34. Bxe5 Rxe5 35. Kd2 Kf7 36. Rh1 1-0

[Event "Schleswig Holstein-ch Seniors"]
[Site "Hanerau"]
[Date "2015.04.01"]
[Round "6"]
[White "Bielfeldt, Michael"]
[Black "Bohner, Joerg"]
[Result "0-1"]
[WhiteElo "1710"]
[BlackElo "1783"]
[PlyCount "66"]
[EventDate "2015.03.28"]
[EventType "swiss"]
[EventRounds "9"]
[EventCountry "GER"]
[SourceTitle "EXT 2018"]
[Source "ChessBase"]
[SourceDate "2017.10.13"]
[SourceVersion "1"]
[SourceVersionDate "2017.10.13"]
[SourceQuality "1"]

1. d4 Nf6 2. Bf4 g6 3. e3 Bg7 4. Nf3 d6 5. h3 0-0 6. Bd3 Nd5 7. Bh2 Nc6 8. c3 Kh8 9. 0-0 f5 10. e4 fxe4 11. Bxe4 Nf4 12. Bxf4 Rxf4 13. Nbd2 d5 14. Bc2 e5 15. dxe5 Nxe5 16. Nxe5 Bxe5 17. Nf3 Bg7 18. Re1 c6 19. Qe2 Bd7 20. Rad1 Qf8 21. Nh2 Re8 22. Qf1 Be5 23. Re2 Bd6 24. Rxe8 Bxe8 25. Re1 Bc5 26. Re2 Bd7 27. Qe1 Qf6 28. Kf1 Qh4 29. Kg1 Qg5 30. Kh1 Qf6 31. f3 h5 32. Qg3 Kg7 33. Bxg6 Qxg6 0-1

[Event "Schleswig Holstein-ch Seniors"]
[Site "Hanerau"]
[Date "2015.04.01"]
[Round "7"]
[White "Bohner, Joerg"]
[Black "Braun, Matthias1"]
[Result "1/2-1/2"]
[WhiteElo "1783"]
[BlackElo "1901"]
[PlyCount "91"]
[EventDate "2015.03.28"]
[EventType "swiss"]
[EventRounds "9"]
[EventCountry "GER"]
[SourceTitle "EXT 2018"]
[Source "ChessBase"]
[SourceDate "2017.10.13"]
[SourceVersion "1"]
[SourceVersionDate "2017.10.13"]
[SourceQuality "1"]

1. e4 c6 2. Nf3 d5 3. Nc3 Bg4 4. h3 Bxf3 5. Qxf3 dxe4 6. Nxe4 e6 7. Bc4 Nd7 8. d4 Be7 9. Qg3 g6 10. Nd6+ Bxd6 11. Qxd6 Nb6 12. Qe5 Qf6 13. Qxf6 Nxf6 14. Bd3 Ke7 15. Bh6 Rhd8 16. Be3 Nbd5 17. c3 Nxe3 18. fxe3 Nd5 19. Ke2 f5 20. g3 Rf8 21. Rhf1 Rf6 22. Rf2 Raf8 23. Raf1 Kd6 24. a3 Ke7 25. c4 Nb6 26. b3 Nd7 27. e4 fxe4 28. Bxe4 e5 29. dxe5 Nxe5 30. Rxf6 Rxf6 31. Rxf6 Kxf6 32. Ke3 h6 33. Kd4 Ke6 34. b4 g5 35. g4 b6 36. a4 Kd6 37. c5+ bxc5+ 38. bxc5+ Ke6 39. a5 Kf6 40. Bh1 Ke6 41. Bg2 Kf6 42. Be4 Ke6 43. Bf5+ Kf6 44. Be4 Ke6 45. Bg2 Kf6 46. Be4 1/2-1/2

[Event "Schleswig Holstein-ch Seniors"]
[Site "Hanerau"]
[Date "2015.04.01"]
[Round "4"]
[White "Lehr, Thomas"]
[Black "Bohner, Joerg"]
[Result "1-0"]
[WhiteElo "1924"]
[BlackElo "1783"]
[PlyCount "133"]
[EventDate "2015.03.28"]
[EventType "swiss"]
[EventRounds "9"]
[EventCountry "GER"]
[SourceTitle "EXT 2018"]
[Source "ChessBase"]
[SourceDate "2017.10.13"]
[SourceVersion "1"]
[SourceVersionDate "2017.10.13"]
[SourceQuality "1"]

1. e4 e5 2. Nf3 Nc6 3. c3 Nf6 4. d4 Nxe4 5. d5 Bc5 6. dxc6 Bxf2+ 7. Ke2 bxc6 8. Qa4 f5 9. Nbd2 Nxd2 10. Bxd2 Bc5 11. Qc4 Qe7 12. Bg5 Qf8 13. Nxe5 Be7 14. Be3 a5 15. Qa4 Qf6 16. Nf3 0-0 17. Re1 Rb8 18. Qc2 Re8 19. Kd1 Qd6+ 20. Kc1 f4 21. Bc4+ Kh8 22. Ne5 Qxe5 23. Ba7 Qg5 24. Bxb8 d5 25. Bd3 Bd7 26. Bxc7 f3+ 27. Kb1 fxg2 28. Rhg1 Bh3 29. Bd6 Qf6 30. Bxe7 Rxe7 31. Rxe7 Qxe7 32. Bf5 Qe3 33. Qc1 Bxf5+ 34. Ka1 Qxc1+ 35. Rxc1 g5 36. Rg1 Be4 37. b3 h5 38. Kb2 g4 39. Kc1 h4 40. Kd2 g3 41. h3 Bf5 42. Ke3 Bxh3 43. Kf3 Kg7 44. a4 c5 45. Re1 Kf6 46. b4 cxb4 47. cxb4 axb4 48. a5 d4 49. a6 Bc8 50. a7 Bb7+ 51. Kg4 d3 52. Kxh4 d2 53. Rg1 Kf5 54. Kxg3 Ke5 55. Kf2 Kf4 56. Rd1 g1Q+ 57. Rxg1 Ke5 58. Ke3 Kd6 59. Kxd2 Bd5 60. Rg8 Bxg8 61. a8Q Bd5 62. Qa6+ Ke5 63. Qe2+ Kd6 64. Qh2+ Kc5 65. Qc7+ Kb5 66. Kd3 Ka4 67. Qd7+ 1-0

[Event "Schleswig Holstein-ch Seniors"]
[Site "Leck"]
[Date "2014.04.18"]
[Round "9"]
[White "Rickers, Bernhard"]
[Black "Bohner, Joerg"]
[Result "1/2-1/2"]
[WhiteElo "1524"]
[BlackElo "1771"]
[PlyCount "73"]
[EventDate "2014.04.12"]
[EventType "swiss"]
[EventRounds "9"]
[EventCountry "GER"]
[SourceTitle "EXT 2018"]
[Source "ChessBase"]
[SourceDate "2017.10.13"]
[SourceVersion "1"]
[SourceVersionDate "2017.10.13"]
[SourceQuality "1"]

1. d4 Nf6 2. Nf3 g6 3. c3 Bg7 4. e3 0-0 5. Bd3 d6 6. 0-0 Nc6 7. e4 e5 8. d5 Ne7 9. h3 Nd7 10. c4 Nc5 11. Bc2 a5 12. Bg5 h6 13. Be3 b6 14. Nc3 f5 15. Bxc5 bxc5 16. Rb1 f4 17. a3 g5 18. Nh2 Qe8 19. Nb5 Qg6 20. Nxc7 Ra7 21. Nb5 Rb7 22. f3 h5 23. Bd3 Kh7 24. Be2 Ng8 25. b4 cxb4 26. axb4 axb4 27. Rxb4 Nh6 28. Rb1 Rg8 29. Qd3 Bf8 30. Nc3 Rxb1 31. Rxb1 g4 32. fxg4 hxg4 33. hxg4 Bxg4 34. Bxg4 Nxg4 35. Qh3+ Nh6 36. Rb7+ Rg7 37. Rxg7+ 1/2-1/2

[Event "Schleswig Holstein-ch Seniors"]
[Site "Leck"]
[Date "2014.04.14"]
[Round "3"]
[White "Rehder, Andrea"]
[Black "Bohner, Joerg"]
[Result "0-1"]
[WhiteElo "1666"]
[BlackElo "1771"]
[PlyCount "68"]
[EventDate "2014.04.12"]
[EventType "swiss"]
[EventRounds "9"]
[EventCountry "GER"]
[SourceTitle "EXT 2018"]
[Source "ChessBase"]
[SourceDate "2017.10.13"]
[SourceVersion "1"]
[SourceVersionDate "2017.10.13"]
[SourceQuality "1"]

1. e4 e5 2. Nf3 Nc6 3. d4 exd4 4. Nxd4 Bc5 5. Be3 Qf6 6. c3 Qg6 7. Qf3 Nge7 8. Nxc6 Qxc6 9. Bxc5 Qxc5 10. Nd2 d6 11. Nb3 Qe5 12. Bc4 d5 13. Bd3 f5 14. Qe3 dxe4 15. 0-0-0 Be6 16. Bc2 Nd5 17. Qc5 Kf7 18. Kb1 b6 19. Qc6 Rhd8 20. f3 e3 21. Nd4 Bd7 22. Qc4 c5 23. Ne2 Be6 24. Qa4 a5 25. Bb3 Rd6 26. Qh4 h6 27. f4 Qe4+ 28. Ka1 Qxg2 29. Rhe1 Rad8 30. Qh5+ Qg6 31. Qh3 Qg4 32. Qf1 g5 33. fxg5 hxg5 34. Bc2 f4 0-1

[Event "Schleswig Holstein-ch Seniors"]
[Site "Leck"]
[Date "2014.04.13"]
[Round "2"]
[White "Bohner, Joerg"]
[Black "Schaefer, Ruediger"]
[Result "1/2-1/2"]
[WhiteElo "1771"]
[BlackElo "1812"]
[PlyCount "57"]
[EventDate "2014.04.12"]
[EventType "swiss"]
[EventRounds "9"]
[EventCountry "GER"]
[SourceTitle "EXT 2018"]
[Source "ChessBase"]
[SourceDate "2017.10.13"]
[SourceVersion "1"]
[SourceVersionDate "2017.10.13"]
[SourceQuality "1"]

1. d4 Nf6 2. Nc3 d5 3. e4 dxe4 4. f3 Bf5 5. g4 Bg6 6. h4 h5 7. g5 Nd5 8. Nxe4 e6 9. Nh3 Nc6 10. c4 Ndb4 11. Be3 Nxd4 12. Bxd4 Qxd4 13. Qxd4 Nc2+ 14. Kf2 Nxd4 15. Bd3 0-0-0 16. Rad1 Nc6 17. Nf4 Ne5 18. Nxg6 Nxg6 19. Kg3 Ne5 20. Be2 Be7 21. f4 Nc6 22. Rxd8+ Kxd8 23. Rd1+ Kc8 24. Kf2 g6 25. Ke3 Rd8 26. Rxd8+ Kxd8 27. a3 a5 28. Bd3 b6 29. Bc2 1/2-1/2

[Event "Schleswig Holstein-ch Kandidaten"]
[Site "Schleswig Holstein"]
[Date "2012.06.??"]
[Round "5"]
[White "Bahr, Torsten"]
[Black "Bohner, Joerg"]
[Result "1-0"]
[WhiteElo "1927"]
[BlackElo "1771"]
[PlyCount "57"]
[EventDate "2012.06.05"]
[EventType "swiss"]
[EventRounds "9"]
[EventCountry "GER"]
[SourceTitle "EXT 2022"]
[Source "ChessBase"]
[SourceDate "2021.10.06"]
[SourceVersion "1"]
[SourceVersionDate "2021.10.06"]
[SourceQuality "1"]

1. Nc3 d5 2. e4 d4 3. Nce2 Bg4 4. h3 Bh5 5. c3 e5 6. cxd4 exd4 7. Qa4+ Nc6 8. Ng3 Bg6 9. Bb5 Qf6 10. Nf3 Bc5 11. 0-0 d3 12. Qc4 Qd6 13. e5 Qe7 14. b4 Bxf2+ 15. Rxf2 0-0-0 16. Bxc6 bxc6 17. Bb2 Qe6 18. Qa6+ Kd7 19. Ng5 Qd5 20. e6+ fxe6 21. Nf7 Bxf7 22. Rxf7+ Ne7 23. Bxg7 Rhg8 24. Qxa7 Ra8 25. Qf2 Rxa2 26. Rxa2 Qxa2 27. Bf8 Qb1+ 28. Kh2 Qxb4 29. Rxe7+ 1-0

[Event "Schleswig Holstein-ch Kandidaten"]
[Site "Schleswig Holstein"]
[Date "2012.06.??"]
[Round "8"]
[White "Bohner, Joerg"]
[Black "Potschka, Dieter"]
[Result "1/2-1/2"]
[WhiteElo "1771"]
[BlackElo "1800"]
[PlyCount "63"]
[EventDate "2012.06.05"]
[EventType "swiss"]
[EventRounds "9"]
[EventCountry "GER"]
[SourceTitle "EXT 2022"]
[Source "ChessBase"]
[SourceDate "2021.10.06"]
[SourceVersion "1"]
[SourceVersionDate "2021.10.06"]
[SourceQuality "1"]

1. e4 b6 2. Nf3 Bb7 3. Bc4 e6 4. d3 d5 5. exd5 Bxd5 6. Bxd5 Qxd5 7. 0-0 Nf6 8. Bf4 Bd6 9. Nc3 Qb7 10. Qd2 0-0 11. Nb5 Bxf4 12. Qxf4 Na6 13. Rfe1 c5 14. Re5 Qc6 15. Nc3 Nb4 16. a3 Nbd5 17. Nxd5 Nxd5 18. Qh4 f6 19. Re2 e5 20. Qc4 Kh8 21. Qe4 Ne7 22. Rd1 Rad8 23. Red2 Rd6 24. Qh4 Ng6 25. Qe4 Rfd8 26. Qxc6 Rxc6 27. Re1 Kg8 28. Rde2 Rcd6 29. Re4 b5 30. Kf1 h6 31. g3 Kf7 32. b3 1/2-1/2